<El> Desarrollo de la competencia intercultural en la clase de ELE

Na minha lista:
Detalhes bibliográficos
Autor principal: Sánchez Presa, Mónica
Formato: Capítulo de Livro
Idioma:espanhol
Assuntos:
Tags: Adicionar Tag
Sem tags, seja o primeiro a adicionar uma tag!

MARC

LEADER 00000naa$a2200000$$$4500
001 0207149
005 20240502083518.4
041 0 |a spa 
044 |a ES 
245 1 0 |a <El> Desarrollo de la competencia intercultural en la clase de ELE  |c Mónica Sánchez Presa 
610 2 0 |a jazyky cudzie 
610 2 0 |a španielčina 
610 2 0 |a vzdelávanie 
610 2 0 |a kompetencie 
610 2 0 |a komunikácia interkultúrna 
100 1 |a Sánchez Presa, Mónica